00426 2200169 4500001002100000008004100021035002000062245004700082100002900129250000600158260003200164300001200196084001400208082000800222650001400230990001200244INLIS000000000001040 ind  a0010-0524000275 aResep Awet MesracAli Bin Nayef Asy-Syahud aAli Bin Nayef Asy-Syahud a1 aJakarta :bInas Mediac2009 a116 hlm a600 ALI r a600 aNon Fiksi a0744018